驻地之间距离小于15km的中国县市 - Statistics

General Stats
  • This quiz has been taken 10 times
  • The average score is 46 of 97
Answer Stats
省级行政区 地级行政区 市辖区 % Correct
山西省 忻州市 保德县
88%
陕西省 榆林市 府谷县
88%
江苏省 无锡市 江阴市
75%
湖北省 恩施土家族苗族自治州 来凤县
75%
湖南省 湘西土家族苗族自治州 龙山县
75%
新疆维吾尔自治区 阿克苏地区 阿克苏市
63%
新疆维吾尔自治区 (直辖) 白杨市
63%
江西省 九江市 德安县
63%
江西省 九江市 共青城市
63%
山西省 临汾市 侯马市
63%
江苏省 泰州市 靖江市
63%
新疆维吾尔自治区 喀什地区 喀什市
63%
浙江省 温州市 龙港市
63%
云南省 昆明市 禄劝彝族苗族自治县
63%
河南省 三门峡市 渑池县
63%
浙江省 温州市 平阳县
63%
河北省 沧州市 泊头市
63%
山西省 临汾市 曲沃县
63%
新疆维吾尔自治区 喀什地区 疏勒县
63%
新疆维吾尔自治区 塔城地区 塔城市
63%
陕西省 渭南市 潼关县
63%
陕西省 榆林市 吴堡县
63%
云南省 昭通市 永善县
63%
河北省 廊坊市 大厂回族自治县
50%
辽宁省 铁岭市 调兵山市
50%
辽宁省 沈阳市 法库县
50%
黑龙江省 佳木斯市 富锦市
50%
河北省 保定市 高碑店市
50%
湖北省 襄阳市 谷城县
50%
陕西省 渭南市 华阴市
50%
河南省 安阳市 滑县
50%
湖南省 常德市 津市市
50%
福建省 泉州市 晋江市
50%
河北省 衡水市 景县
50%
河南省 鹤壁市 浚县
50%
湖北省 襄阳市 老河口市
50%
四川省 凉山彝族自治州 雷波县
50%
湖南省 常德市 澧县
50%
广东省 清远市 连南瑶族自治县
50%
广东省 清远市 连州市
50%
甘肃省 临夏回族自治州 临夏市
50%
河北省 沧州市 孟村回族自治县
50%
山东省 德州市 庆云县
50%
河北省 廊坊市 三河市
50%
福建省 泉州市 石狮市
50%
黑龙江省 鹤岗市 绥滨县
50%
新疆维吾尔自治区 阿克苏地区 温宿县
50%
河北省 沧州市 吴桥县
50%
云南省 楚雄彝族自治州 武定县
50%
陕西省 咸阳市 武功县
50%
河北省 廊坊市 香河县
50%
新疆维吾尔自治区 伊犁哈萨克自治州 伊宁市
50%
河南省 三门峡市 义马市
50%
陕西省 西安市 周至县
50%
河北省 保定市 安国市
38%
河北省 保定市 安新县
38%
河南省 焦作市 博爱县
38%
新疆维吾尔自治区 巴音郭楞蒙古自治州 博湖县
38%
河北省 保定市 博野县
38%
贵州省 黔东南苗族侗族自治州 岑巩县
38%
新疆维吾尔自治区 伊犁哈萨克自治州 察布查尔锡伯自治县
38%
河北省 保定市 定兴县
38%
江西省 上饶市 横峰县
38%
贵州省 黔东南苗族侗族自治州 剑河县
38%
陕西省 咸阳市 泾阳县
38%
甘肃省 临夏回族自治州 康乐县
38%
山东省 德州市 乐陵市
38%
河北省 保定市 蠡县
38%
甘肃省 定西市 临洮县
38%
山西省 吕梁市 柳林县
38%
新疆维吾尔自治区 昌吉回族自治州 玛纳斯县
38%
河北省 沧州市 南皮县
38%
河南省 焦作市 沁阳市
38%
河北省 保定市 容城县
38%
陕西省 咸阳市 三原县
38%
浙江省 绍兴市 嵊州市
38%
新疆维吾尔自治区 (直辖) 石河子市
38%
河北省 邯郸市 魏县
38%
内蒙古自治区 兴安盟 乌兰浩特市
38%
河南省 焦作市 武陟县
38%
山西省 吕梁市 孝义市
38%
浙江省 绍兴市 新昌县
38%
山西省 运城市 新绛县
38%
河南省 焦作市 修武县
38%
新疆维吾尔自治区 巴音郭楞蒙古自治州 焉耆回族自治县
38%
河北省 沧州市 盐山县
38%
江西省 上饶市 弋阳县
38%
贵州省 铜仁市 玉屏侗族自治县
38%
甘肃省 临夏回族自治州 东乡族自治县
25%
山西省 吕梁市 汾阳市
25%
河北省 邯郸市 广平县
25%
内蒙古自治区 兴安盟 科尔沁右翼前旗
25%
山西省 忻州市 宁武县
25%
山西省 忻州市 神池县
25%
贵州省 黔东南苗族侗族自治州 台江县
25%
河北省 邢台市 广宗县
13%
河北省 邢台市 平乡县
13%
No matching quizzes found
Score Distribution
Percent of People with Each Score
Percentile by Number Answered
Your Score History
You have not taken this quiz